[Event "2009 WA Closed Chess Championship"]
[Site "Legacy House"]
[Date "2009.08.30"]
[Round "7"]
[White "Abdat, Akef"]
[Black "Donaldson, Tom"]
[Result "1/2-1/2"]
[WhiteElo "1980"]
[BlackElo "1767"]

1.d4 d5 2.c4 c6 3.Nf3 Nf6 4.Qc2 Ne4 5.g3 e6 6.Bg2 Bd6 7.O-O Nd7 8.b3 Qe7 
9.Bb2 O-O 10.Nbd2 f5 11.e3 g5 12.Ne5 Nxe5 13.dxe5 Bc5 14.Rac1 Nxd2 15.Qxd2 
Bd7 16.cxd5 cxd5 17.Bxd5 Bb4 18.Qd4 Bb5 19.Bxe6+ Qxe6 20.Qxb4 Bxf1 21.Rxf1 
f4 22.exf4 gxf4 23.Qd6 Qxd6 24.exd6 Rad8 25.Be5 fxg3 26.hxg3 Kf7 27.Rc1 Ke6 
28.f4 Rc8 29.Rc7 Rxc7 30.dxc7 Kd7 31.Kg2 Rg8 32.Kh3 Rg6 33.Kh4 Ra6 34.Kg5 
Rxa2 35.f5 Ra6 36.f6 Rc6 37.Kf5 Ke8 38.g4 Kf7 39.g5 a5 40.Bd6 Rc1 41.Ke5 
Rc2 42.Kd5 Rc6 1/2-1/2

[Event "2009 WA Closed Chess Championship"]
[Site "Legacy House"]
[Date "2009.08.30"]
[Round "7"]
[White "Hare, Tim"]
[Black "Vlietstra, Marc"]
[Result "1-0"]
[WhiteElo "2025"]
[BlackElo "2012"]

1.Nf3 c5 2.g3 b6 3.c4 Bb7 4.Nc3 Nf6 5.Bg2 g5 6.d3 g4 7.Nh4 Bxg2 8.Nxg2 Qc7 
9.Bf4 Qb7 10.O-O Nh5 11.Bxb8 Qxb8 12.e4 Nf6 13.f4 h5 14.e5 Ng8 15.Qe2 Qb7 
16.a3 e6 17.Ne4 Be7 18.f5 Nh6 19.Nh4 O-O-O 20.b4 cxb4 21.axb4 Bxb4 22.Rfb1 
exf5 23.Rxb4 fxe4 24.c5 Qd5 25.d4 Rde8 26.cxb6 axb6 27.Qa6+ Kd8 28.Qxb6+ Ke7 
29.Qf6+ Kf8 30.Qxh8+ Ng8 31.Nf5 1-0

[Event "2009 WA Closed Chess Championship"]
[Site "Legacy House"]
[Date "2009.08.30"]
[Round "7"]
[White "Barber, Haydn"]
[Black "Elkington, Derek"]
[Result "0-1"]
[WhiteElo "2092"]
[BlackElo "1755"]

1.e4 c5 2.Nc3 Nc6 3.g3 g6 4.Bg2 Bg7 5.d3 d6 6.Be3 Nf6 7.Nge2 O-O 8.h3 Rb8 
9.O-O Bd7 10.Qd2 Re8 11.f4 b5 12.a3 a5 13.g4 h5 14.gxh5 Nxh5 15.f5 Ne5 16.Bh6 
e6 17.fxg6 Nxg6 18.Bg5 f6 19.Bh6 Kh7 20.Bxg7 Kxg7 21.Nd1 Rh8 22.Qe3 Qe7 23.Bf3 
Rbg8 24.Bxh5 Rxh5 25.Rf3 Kh7 26.Kf1 Nh4 27.Rg3 e5 28.Nf2 f5 29.exf5 Nxf5 30.Qf3 
Nxg3+ 31.Nxg3 Rhg5 32.Nfe4 R5g6 33.Ke2 d5 34.Qh5+ Kg7 35.Rg1 dxe4 0-1

[Event "2009 WA Closed Chess Championship"]
[Site "Legacy House"]
[Date "2009.08.30"]
[Round "7"]
[White "Horstmann, Michael"]
[Black "Boyd, Tristan"]
[Result "1/2-1/2"]
[WhiteElo "2166"]
[BlackElo "2259"]

1.d4 Nf6 2.Nf3 g6 3.Bg5 Bg7 4.Nbd2 O-O 5.c3 d6 6.e3 c5 7.Bc4 cxd4 8.exd4 Nc6 
9.O-O Bf5 10.Re1 Rc8 11.b4 h6 12.Be3 d5 13.Bf1 Qc7 14.Rc1 Ng4 15.Nb3 Nxe3 
16.Rxe3 Bf6 17.Bd3 Bxd3 18.Qxd3 Rfe8 19.g3 Rcd8 20.Rce1 e5 21.dxe5 Nxe5 
22.Nxe5 Rxe5 23.Rxe5 Bxe5 24.Nd4 Bg7 25.Re3 Qc4 1/2-1/2

[Event "2009 WA Closed Chess Championship"]
[Site "Huntingdale"]
[Date "2009.09.12"]
[Round "7"]
[White "Holland, Dennis"]
[Black "Choong, Yita"]
[Result "0-1"]
[WhiteElo "1830"]
[BlackElo "1939"]

1.d4 Nf6 2.Nf3 g6 3.Nbd2 d5 4.c4 dxc4 5.Nxc4 Bg7 6.e3 O-O 7.Be2 Nbd7 8.O-O c5 
9.Qc2 cxd4 10.Nxd4 Qc7 11.Bd2 Ne5 12.Nxe5 Qxe5 13.Bc3 Nd5 14.Nc6 Qg5 15.Bxg7 
Kxg7 16.Nd4 Nxe3 17.fxe3 Qxe3+ 18.Kh1 Qxd4 19.Rad1 Qe5 20.Rfe1 Bf5 21.Bd3 Bxd3 
22.Qxd3 Qxb2 23.Rxe7 Rfd8 24.Rd7 Rxd7 25.Qxd7 Qe2 26.Rb1 b6 27.a4 Re8 28.h3 Re7 
29.Qd8 Re8 30.Qc7 Qe7 31.Qc3+ Qf6 32.Qc7 Re7 33.Qb8 Qc3 34.Qf4 Re1+ 35.Rxe1 Qxe1+ 
36.Kh2 Qc3 37.Qb8 Qa5 38.Qf4 Qc5 39.Qb8 a6 40.Qb7 Qe5+ 41.Kh1 b5 42.Qxa6 Qa1+ 
43.Kh2 Qxa4 44.Qd6 Qe4 45.Qb6 b4 46.Qb8 Qd4 47.Qg3 Qc3 48.Qb8 b3 49.Qb5 b2 50.Qb8 
h5 51.Qb5 Qc7+ 52.Qe5+ Qxe5+ 0-1

[Event "2009 WA Closed Chess Championship"]
[Site "Legacy House"]
[Date "2009.09.06"]
[Round "8"]
[White "Vlietstra, Marc"]
[Black "Horstmann, Michael"]
[Result "0-1"]
[WhiteElo "2012"]
[BlackElo "2166"]

1.e4 c5 2.Nf3 Nc6 3.Bb5 e6 4.c3 Nf6 5.Qe2 Qc7 6.O-O a6 7.Ba4 b5 8.Bc2 Bb7 
9.a4 b4 10.d4 d6 11.d5 Nd8 12.c4 Be7 13.h3 O-O 14.Nh2 Re8 15.Qd3 exd5 
16.exd5 g6 17.Bh6 Bc8 18.g4 Bf8 19.Bxf8 Kxf8 20.Nd2 Ng8 21.Rae1 Rxe1 
22.Rxe1 f6 23.f4 Nf7 24.b3 Bd7 25.Ndf3 Re8 26.Rxe8+ Bxe8 27.g5 Bd7 28.Kg2 
Qc8 29.h4 fxg5 30.hxg5 Ne7 31.Nh4 Nf5 32.Nxf5 Bxf5 33.Qe2 h6 34.Nf3 Bxc2 
35.Qxc2 Qg4+ 36.Kf2 Qxf4 37.Qxg6 Qxf3+ 0-1

[Event "2009 WA Closed Chess Championship"]
[Site "Legacy House"]
[Date "2009.09.06"]
[Round "8"]
[White "Choong, Yita"]
[Black "Abdat, Akef"]
[Result "1-0"]
[WhiteElo "1939"]
[BlackElo "1767"]

1.d4 Nf6 2.c4 g6 3.Nc3 Bg7 4.e4 d6 5.Be2 O-O 6.Bg5 c5 7.d5 h6 8.Be3 a6 
9.Qd2 Kh7 10.h4 h5 11.Nh3 Bxh3 12.Rxh3 Nbd7 13.f3 Ne5 14.O-O-O Qa5 15.g4 
Qb4 16.Bg5 Nxc4 17.Qc2 b5 18.Rg1 Rfe8 19.Bxf6 exf6 20.Bxc4 Qxc4 21.gxh5 b4 
22.hxg6+ fxg6 23.Qe2 Bh6+ 24.Kb1 Qxe2 25.Nxe2 Re5 26.Rgh1 Kg7 27.h5 Rxh5 
28.Rxh5 gxh5 29.Rxh5 Rh8 30.Ng3 Kg6 31.Rh1 Rh7 32.Nf5 Bf4 33.Rxh7 Kxh7 
34.b3 Kg6 35.Kc2 Kg5 36.Kd3 Be5 37.Ke2 Kf4 38.Ne7 Bc3 39.Nc6 f5 40.exf5 Kxf5 
41.Kd3 Kf4 42.a4 bxa3 43.Kxc3 Kxf3 44.Kc2 Ke4 45.Ne7 Ke5 46.Kb1 Kf6 47.Nc8 
Ke5 48.Nb6 Kd4 49.Ka2 c4 50.Nxc4 Kxd5 51.Kxa3 Kc5 52.Nd2 Kb5 53.Nf3 d5 54.b4 
Kc4 55.Ka4 Kc3 56.Ka5 Kb3 57.Nd4+ Kc3 58.Nc6 Kb3 59.Nb8 d4 60.Nxa6 Kc4 61.Nc5 
Kd5 62.Kb5 Ke5 63.Kc4 1-0

[Event "2009 WA Closed Chess Championship"]
[Site "Legacy House"]
[Date "2009.09.06"]
[Round "8"]
[White "Barber, Barber"]
[Black "Holland, Dennis"]
[Result "1-0"]
[WhiteElo "2092"]
[BlackElo "1830"]

1.e4 e6 2.d4 d5 3.Nc3 dxe4 4.Nxe4 Nd7 5.Nf3 Ngf6 6.Bg5 Be7 7.Bxf6 Nxf6 8.Bd3 O-O 
9.c3 Nd5 10.Bc2 Nf4 11.g3 Ng6 12.h4 f5 13.Neg5 h6 14.Nh3 Bf6 15.h5 Ne7 16.Qe2 Nd5 
17.O-O-O Qd6 18.Bb3 b5 19.Rhe1 Bd7 20.Ne5 Rfe8 21.Qf3 a5 22.Nf4 c6 23.Nfd3 a4 
24.Bxd5 exd5 25.a3 Rad8 26.Re2 Bc8 27.Rde1 Re7 28.Kb1 Rde8 29.Ng6 Rxe2 30.Rxe2 
Re4 31.Nc5 Rxe2 32.Qxe2 Qd8 33.f3 Kf7 34.Ne5+ Bxe5 35.Qxe5 Qe7 36.Nd3 Bd7 37.Nf4 
Qg5 38.Qd6 Qe7 39.Qxe7+ Kxe7 40.Kc2 Kf6 41.b3 Be8 42.bxa4 bxa4 43.Kd3 Bf7 44.Ke3 
Kg5 45.Nd3 f4+ 46.Nxf4 Bxh5 47.Nxh5 Kxh5 48.Kf4 Kg6 49.Ke5 Kf7 50.Kd6 h5 51.Ke5 
Ke7 52.Kf5 Kf7 53.Kg5 g6 54.f4 Kg7 55.f5 gxf5 56.Kxf5 Kh6 57.Kf6 h4 58.gxh4 Kh5 
59.Ke6 1-0

[Event "2009 WA Closed Chess Championship"]
[Site "Legacy House"]
[Date "2009.09.06"]
[Round "8"]
[White "Elkington, Derek"]
[Black "Boyd, Tristan"]
[Result "0-1"]
[WhiteElo "1755"]
[BlackElo "2259"]

1.e4 c5 2.Nf3 d6 3.d4 cxd4 4.Nxd4 Nf6 5.Nc3 a6 6.g3 e5 7.Nb3 Nbd7 8.Bg2 b5 9.a4 b4 
10.Ne2 Bb7 11.Qd3 Qc7 12.a5 Bc6 13.c4 bxc3 14.Nxc3 Qb7 15.Nd2 Nc5 16.Qe2 Be7 17.O-O 
O-O 18.Rb1 Rac8 19.Re1 Na4 20.Nxa4 Bxa4 21.b3 Bb5 22.Qe3 Rc2 23.h3 Qc7 24.b4 Rc3 
25.Qb6 Qd7 26.Bb2 Rd3 27.Nf3 Ra8 28.Rbc1 Bd8 29.Nxe5 dxe5 30.Qc5 Be7 31.Qxe5 Bxb4 
32.Re2 Rd1+ 33.Kh2 Rxc1 34.Qg5 h6 35.Qxc1 Bxe2 36.Bxf6 Bd2 37.Qb2 gxf6 38.Qxf6 Re8 
39.f4 Re6 40.Qh4 Qe7 0-1

[Event "2009 WA Closed Chess Championship"]
[Site "Drabble House"]
[Date "2009.08.13"]
[Round "9"]
[White "Tim Hare"]
[Black "Yita Choong"]
[Result "1/2-1/2"]
[WhiteElo "2025"]
[BlackElo "1939"]

1.Nf3 g6 2.g3 Bg7 3.Bg2 d6 4.c4 e5 5.Nc3 f5 6.d3 Nf6 7.O-O O-O 8.Rb1 a5 9.a3 h6 
10.b4 axb4 11.axb4 g5 12.Ne1 f4 13.Bb2 Nc6 14.Nd5 Nxd5 15.Bxd5+ Kh8 16.b5 Ne7 
17.Bg2 Nf5 18.Ra1 Rxa1 19.Qxa1 h5 20.Nc2 Qe7 21.Nb4 fxg3 22.hxg3 g4 23.Nd5 Qf7 
24.e4 Nd4 25.Bxd4 exd4 26.f4 gxf3 27.Rxf3 Qg8 28.Ne7 Qe6 29.Rxf8+ Bxf8 30.Nxc8 Qxc8 
31.Qxd4+ Bg7 32.Qf2 Qg4 33.Kh2 Qg5 34.Qf5 Bf6 35.Bf3 h4 36.Qxg5 Bxg5 37.gxh4 Bxh4 
38.Kh3 Bf2 39.Kg4 Kg7 40.Kf5 Kf7 41.e5 dxe5 42.Kxe5 b6 43.d4 Ke7 44.Kd5 Kd8 
45.Bg4 Bg1 1/2-1/2

[Event "2009 WA Closed Chess Championship"]
[Site "Legacy House"]
[Date "2009.09.13"]
[Round "9"]
[White "Holland, Dennis"]
[Black "Elkington, Derek"]
[Result "1-0"]
[WhiteElo "1830"]
[BlackElo "1755"]

1.d4 Nf6 2.Nf3 g6 3.Nbd2 d6 4.e4 Nbd7 5.c3 Bg7 6.Bc4 O-O 7.Qb3 Nb6 8.Be2 Be6 
9.d5 Bd7 10.a4 a5 11.Qc2 c6 12.dxc6 bxc6 13.O-O Qc7 14.Rd1 d5 15.c4 Rac8 16.c5 
Na8 17.Ba6 Rb8 18.h3 Rb4 19.Bd3 Rfb8 20.Rb1 dxe4 21.Nxe4 Nxe4 22.Bxe4 Be6 23.Nd2 
Bd4 24.b3 Bxh3 25.Nf3 Bxc5 26.Qxc5 Rxe4 27.gxh3 Rxa4 28.Bb2 Re4 29.Be5 1-0

[Event "2009 WA Closed Chess Championship"]
[Site "Legacy House"]
[Date "2009.09.13"]
[Round "9"]
[White "Abdat, Akef"]
[Black "Barber, Haydn"]
[Result "1/2-1/2"]
[WhiteElo "1767"]
[BlackElo "2092"]

1.d4 Nf6 2.c4 c5 3.Nf3 cxd4 4.Nxd4 g6 5.g3 Bg7 6.Bg2 a6 7.Nc3 d6 8.O-O O-O 
9.b3 Nbd7 10.Bb2 Qa5 11.Qd2 Qh5 12.Rfd1 Rb8 13.Nd5 Re8 14.Nc7 Rd8 15.Nd5 Re8 
1/2-1/2

[Event "2009 WA Closed Chess Championship"]
[Site "Legacy House"]
[Date "2009.09.13"]
[Round "9"]
[White "Horstmann, Michael"]
[Black "Donaldson, Tom"]
[Result "1-0"]
[WhiteElo "2166"]
[BlackElo "1980"]

1.d4 d5 2.Nf3 c6 3.Bf4 Bf5 4.e3 e6 5.Bd3 Bxd3 6.Qxd3 f5 7.c4 Nf6 8.cxd5 cxd5 
9.Nc3 Nc6 10.Qb5 Qd7 11.O-O Be7 12.Rac1 O-O 13.Ne5 Nxe5 14.Bxe5 a6 15.Qb6 Ne4 
16.Nxe4 fxe4 17.Rc7 Bd8 18.Rxd7 Bxb6 19.Rxg7+ 1-0

[Event "2009 WA Closed Chess Championship"]
[Site "Legacy House"]
[Date "2009.09.13"]
[Round "9"]
[White "Boyd, Tristan"]
[Black "Vlietstra, Marc"]
[Result "1-0"]
[WhiteElo "2259"]
[BlackElo "2012"] 

1.e4 c5 2.c3 Nf6 3.e5 Nd5 4.d4 cxd4 5.Nf3 Nc6 6.Bc4 Nb6 7.Bb3 dxc3 8.Nxc3 d6 
9.exd6 Qxd6 10.Qxd6 exd6 11.Nb5 Be6 12.Nc7+ Kd7 13.Nxa8 Nxa8 14.O-O Be7 15.Be3 
Bf6 16.Rfd1 Nc7 17.Bf4 Nb5 18.Ba4 a6 19.Bxb5 axb5 20.Rxd6+ Ke7 21.Rd2 Rd8 22.Rxd8 
Kxd8 23.Bg5 Bxg5 24.Nxg5 h6 25.Nxe6+ fxe6 26.Kf1 Ke7 27.Rd1 Nb4 28.Ke2 Nd5 29.Kf3 
b4 30.Ke4 g5 31.Rxd5 1-0